El lugar de la ideología : por una lectura no burguesa de : Marx, Freud, Althusser, Tel Quel, Derrida y el neo marxismo /

Guardado en:
Bibliografiske detaljer
Hovedforfatter: Dalmasso, Gianfranco (autor)
Format: Bog
Sprog:spansk
Udgivet: Madrid, España : Zero, 1978, c1978
Serier:(Por un Nuevo Saber ; 3)
Fag:
Tags: Tilføj Tag
Ingen Tags, Vær først til at tagge denne postø!

MARC

LEADER 00000nam^a2200000^a^4500
001 000165998
005 20250521000000.0
009 20260310101038.991
020 |a 84-317-0444-6 
037 |a Acervo ITESO - Biblioteca 
041 |a ESP 
082 |a 320. 01  |b DAL 
100 |a Dalmasso, Gianfranco  |e (autor) 
245 1 3 |a El lugar de la ideología :  |b por una lectura no burguesa de : Marx, Freud, Althusser, Tel Quel, Derrida y el neo marxismo /  |c G. Dalmasso ; tr. por José Luis Rodríguez, José Miguel Oriol. 
264 4 |a Madrid, España :  |b Zero,  |c 1978, c1978 
300 |a 218 p. 
336 |a texto  |b txt  |2 rdacontenido 
337 |a sin mediación  |b n  |2 rdamedio 
338 |a volumen  |b nc  |2 rdasoporte 
440 1 |a (Por un Nuevo Saber ;  |v 3) 
500 |a Traducción de: Il luogo dell'ideologia 
649 |a XX 
650 |a Filósofos Alemanes 
650 |a Filósofos Franceses 
650 |a Psicólogos Vieneses 
650 |a Burguesía 
650 |a Ideología 
650 |a Filosofía Política 
650 |a Psicoanálisis Freudiano 
650 |a Psicoanálisis y Política 
650 |a Psicología Política 
650 |a Antropología Filosófica 
650 |a Materialismo Histórico y Dialéctico 
650 |a Marxismo 
650 |a Deconstrucción 
650 |a Filosofía Francesa 
650 |a Filosofía Alemana 
650 |a Filosofía del Siglo XX 
650 |a Sociología del Conocimiento 
650 |a Sociología 
650 |a Política -  |x Teoría 
650 |a Freud, Sigmund 
650 |a Marx, Karl 
650 |a Derrida, Jacques 
650 |a Althusser, Louis 
910 |a Fondo Armando Suárez Gómez 
920 |a Impresos - Libros 
930 |a Fondos Especiales 
905 |a 111 
901 |a 0700007076  |b IT2  |c ESP  |u 20250521 
902 |a https://opac.biblio.iteso.mx/vufind/Record/000165998